Normal view
MARC view
Entry Personal Name
001 - CONTROL NUMBER
- control field: 6580
003 - CONTROL NUMBER IDENTIFIER
- control field: OSt
005 - DATE AND TIME OF LATEST TRANSACTION
- control field: 20151215134746.0
008 - FIXED-LENGTH DATA ELEMENTS
- fixed length control field: 151215|| aca||aabn | a|a d
040 ## - CATALOGING SOURCE
- Original cataloging agency: OSt
- Transcribing agency: OSt
100 ## - HEADING--PERSONAL NAME
- Personal name: George Vic ;Wilding,Paul;
670 ## - SOURCE DATA FOUND
- Source citation: Work cat.: (OSt): George Vic ;Wilding,Paul;, Globalisation and Human Welfare., 2002.
